[Event "FRA-ch U18 Girls"]
[Site "Montlucon"]
[Date "2011.04.24"]
[Round "9"]
[White "Daadaa, Soha"]
[Black "Le Bail, Arielle"]
[Result "0-1"]
[WhiteElo "1657"]
[BlackElo "1859"]
[PlyCount "112"]
[EventDate "2011.04.17"]
[EventType "swiss"]
[EventRounds "9"]
[EventCountry "FRA"]
[SourceTitle "CBM 142 Extra"]
[Source "ChessBase"]
[SourceDate "2011.06.27"]
[SourceVersion "1"]
[SourceVersionDate "2011.06.27"]
[SourceQuality "1"]

1. d4 Nf6 2. c4 e6 3. Nf3 b6 4. g3 Bb7 5. Bg2 Be7 6. 0-0 0-0 7. Nc3 Ne4 8. Qc2 Nxc3 9. Qxc3 c5 10. Qd3 Nc6 11. a3 cxd4 12. Nxd4 Ne5 13. Qc2 Bxg2 14. Kxg2 Rc8 15. b3 Bf6 16. Bb2 d5 17. Rfd1 Qe7 18. a4 Qb7 19. Nb5 dxc4+ 20. Kg1 cxb3 21. Qxb3 Qe4 22. Nd6 Qc2 23. Qb5 Rc5 24. Rac1 Rxb5 25. Rxc2 Rb4 26. Ra1 Rxb2 27. Rxb2 Nf3+ 28. exf3 Bxb2 29. Rb1 Be5 30. Nb5 a6 31. Na3 Bd4 32. Nc4 h6 33. Nxb6 Rb8 34. a5 Bc3 35. Rc1 Bxa5 36. Nc4 Rc8 37. Kf1 Bb4 38. Rc2 Kf8 39. Ne3 Rxc2 40. Nxc2 Bc5 41. Ne1 a5 42. Nd3 Bd4 43. Ke2 Ke7 44. Kd2 Kd6 45. Kc2 a4 46. f4 Kd5 47. f3 f6 48. g4 Kc4 49. h4 a3 50. Nc1 Be3 51. Ne2 Kb4 52. f5 exf5 53. gxf5 Kc4 54. Nc3 Bd4 55. Na2 h5 56. Nc1 Bf2 0-1

[Event "FRA-ch U18 Girls"]
[Site "Montlucon"]
[Date "2011.04.23"]
[Round "8"]
[White "Josse, Mathilde"]
[Black "Daadaa, Soha"]
[Result "0-1"]
[WhiteElo "1721"]
[BlackElo "1657"]
[PlyCount "60"]
[EventDate "2011.04.17"]
[EventType "swiss"]
[EventRounds "9"]
[EventCountry "FRA"]
[SourceTitle "CBM 142 Extra"]
[Source "ChessBase"]
[SourceDate "2011.06.27"]
[SourceVersion "1"]
[SourceVersionDate "2011.06.27"]
[SourceQuality "1"]

1. e4 e6 2. d4 d5 3. Nd2 Nc6 4. Ngf3 Nf6 5. e5 Nd7 6. Be2 f6 7. exf6 Qxf6 8. Nb3 Bd6 9. 0-0 0-0 10. c3 Qg6 11. Nh4 Qf6 12. g3 a5 13. a4 Ne7 14. f4 c5 15. Be3 b6 16. Bg4 Ba6 17. Re1 Rae8 18. Bf2 Nc6 19. Nf3 Bxf4 20. gxf4 Qxf4 21. Bxe6+ Rxe6 22. Rxe6 Qg4+ 23. Bg3 Qxe6 24. Qd2 Rxf3 25. Re1 Qf7 26. Qg2 Rf6 27. Qh3 Nd8 28. Bc7 Ne6 29. Bg3 Ng5 30. Qg4 Nf3+ 0-1

[Event "FRA-ch U18 Girls"]
[Site "Montlucon"]
[Date "2011.04.18"]
[Round "2"]
[White "Daadaa, Soha"]
[Black "Soriano, Manon"]
[Result "1-0"]
[WhiteElo "1657"]
[BlackElo "1551"]
[PlyCount "51"]
[EventDate "2011.04.17"]
[EventType "swiss"]
[EventRounds "9"]
[EventCountry "FRA"]
[SourceTitle "CBM 142 Extra"]
[Source "ChessBase"]
[SourceDate "2011.06.27"]
[SourceVersion "1"]
[SourceVersionDate "2011.06.27"]
[SourceQuality "1"]

1. d4 c5 2. d5 Nf6 3. c4 g6 4. Nc3 Bg7 5. e4 d6 6. h3 0-0 7. Bg5 e6 8. Bd3 exd5 9. exd5 Re8+ 10. Nge2 Nbd7 11. f4 Qa5 12. 0-0 a6 13. Qc2 Rb8 14. a4 Qb4 15. Ng3 Nb6 16. f5 Nbd7 17. a5 b5 18. Nxb5 Nh5 19. Nxh5 gxh5 20. f6 Bxf6 21. Bxf6 Nxf6 22. Nxd6 Kg7 23. Rxf6 Re1+ 24. Rf1 Re7 25. Bxh7 Bd7 26. Rxf7+ 1-0

[Event "FRA-ch U16 Girls"]
[Site "Troyes"]
[Date "2010.04.16"]
[Round "7"]
[White "Colin, Phanie"]
[Black "Daadaa, Soha"]
[Result "1/2-1/2"]
[WhiteElo "1830"]
[BlackElo "1576"]
[PlyCount "71"]
[EventDate "2010.04.11"]
[EventType "swiss"]
[EventRounds "9"]
[EventCountry "FRA"]
[SourceTitle "EXT 2012"]
[Source "ChessBase"]
[SourceDate "2011.11.24"]
[SourceVersion "1"]
[SourceVersionDate "2011.11.24"]
[SourceQuality "1"]

1. d4 d5 2. e3 Nf6 3. Bd3 e6 4. f4 c5 5. c3 Nbd7 6. Nf3 Be7 7. Nbd2 0-0 8. 0-0 c4 9. Bc2 b5 10. Ne5 Bb7 11. Qf3 a5 12. g4 h6 13. h4 Nxe5 14. dxe5 Ne4 15. g5 hxg5 16. hxg5 Bxg5 17. Nxe4 dxe4 18. Bxe4 Bxe4 19. Qxe4 Bh6 20. Rf2 Qd1+ 21. Rf1 Qg4+ 22. Qg2 Qxg2+ 23. Kxg2 Rfd8 24. Kf2 Rd3 25. Ke2 Rad8 26. a4 b4 27. cxb4 axb4 28. a5 g6 29. a6 Bf8 30. a7 Ra8 31. Bd2 Rd7 32. Rfc1 c3 33. bxc3 bxc3 34. Bxc3 Rdxa7 35. Rxa7 Rxa7 36. Bd4 1/2-1/2

[Event "FRA-ch U16 Girls"]
[Site "Troyes"]
[Date "2010.04.11"]
[Round "1"]
[White "Daadaa, Soha"]
[Black "Neuhauser, Salome"]
[Result "0-1"]
[WhiteElo "1576"]
[BlackElo "2014"]
[PlyCount "74"]
[EventDate "2010.04.11"]
[EventType "swiss"]
[EventRounds "9"]
[EventCountry "FRA"]
[SourceTitle "EXT 2012"]
[Source "ChessBase"]
[SourceDate "2011.11.24"]
[SourceVersion "1"]
[SourceVersionDate "2011.11.24"]
[SourceQuality "1"]

1. d4 Nf6 2. c4 e6 3. Nf3 Bb4+ 4. Bd2 Bxd2+ 5. Nbxd2 c5 6. e3 0-0 7. Bd3 cxd4 8. exd4 Nc6 9. 0-0 d5 10. c5 b6 11. a3 bxc5 12. dxc5 a5 13. Bb5 Na7 14. Ba4 Rb8 15. Rb1 Ba6 16. Re1 Bd3 17. Bc2 Bxc2 18. Qxc2 Nb5 19. Qa4 Qc7 20. Rec1 e5 21. Nb3 e4 22. Nfd4 Nxd4 23. Nxd4 Qf4 24. Ne2 Qe5 25. Qd4 Ng4 26. Qxe5 Nxe5 27. Nc3 Nd3 28. Rc2 Nxc5 29. Nxd5 Nd3 30. Kf1 Rfe8 31. Nc3 Re7 32. Rd2 f5 33. Na4 Rb3 34. Rbd1 Reb7 35. Rb1 Rxa3 36. bxa3 Rxb1+ 37. Ke2 Re1# 0-1

[Event "FRA-ch U16 Girls"]
[Site "Aix les Bains"]
[Date "2009.04.22"]
[Round "5"]
[White "Daadaa, Soha"]
[Black "Daif, Sarah"]
[Result "1-0"]
[WhiteElo "1590"]
[BlackElo "1588"]
[PlyCount "61"]
[EventDate "2009.04.19"]
[EventType "swiss"]
[EventRounds "9"]
[EventCountry "FRA"]
[SourceTitle "CBM 130 Extra"]
[Source "ChessBase"]
[SourceDate "2009.07.02"]
[SourceVersion "2"]
[SourceVersionDate "2009.07.15"]
[SourceQuality "1"]

1. Nf3 g6 2. d4 Bg7 3. Nc3 d6 4. e4 Nd7 5. Bf4 e5 6. Bg3 Ne7 7. Bb5 c6 8. Be2 0-0 9. 0-0 Qc7 10. Rc1 a6 11. Qd2 Re8 12. Rfd1 h6 13. a4 Kh7 14. Bc4 Kg8 15. h3 b5 16. axb5 axb5 17. Bb3 b4 18. Ne2 c5 19. dxe5 dxe5 20. c3 c4 21. cxb4 Nb6 22. Qc3 Bb7 23. Bxe5 Bxe5 24. Nxe5 Bxe4 25. Nxc4 Nbd5 26. Qe5 Qxe5 27. Nxe5 Kg7 28. Nc3 Nxc3 29. bxc3 Ra3 30. Bxf7 Nf5 31. Bxe8 1-0

[Event "FRA-ch U16 Girls"]
[Site "Aix les Bains"]
[Date "2009.04.20"]
[Round "3"]
[White "Daadaa, Soha"]
[Black "Lefevre, Margaux"]
[Result "0-1"]
[WhiteElo "1590"]
[BlackElo "2021"]
[PlyCount "86"]
[EventDate "2009.04.19"]
[EventType "swiss"]
[EventRounds "9"]
[EventCountry "FRA"]
[SourceTitle "CBM 130 Extra"]
[Source "ChessBase"]
[SourceDate "2009.07.02"]
[SourceVersion "2"]
[SourceVersionDate "2009.07.15"]
[SourceQuality "1"]

1. d4 Nf6 2. c4 c5 3. d5 b5 4. cxb5 a6 5. b6 Qxb6 6. Nc3 d6 7. e4 g6 8. Nf3 Bg4 9. Be2 Nbd7 10. 0-0 Bg7 11. Qc2 0-0 12. Nd2 Bxe2 13. Nxe2 Ne8 14. Nc4 Qc7 15. Bd2 Ne5 16. Na5 e6 17. f4 Ng4 18. h3 Ngf6 19. dxe6 fxe6 20. Rac1 Rc8 21. Qc4 Qd7 22. Bc3 d5 23. exd5 exd5 24. Qxa6 Nd6 25. Bxf6 Bxf6 26. Qd3 Qf7 27. Nc3 Bd4+ 28. Kh1 Nf5 29. Qf3 c4 30. b4 Bxc3 31. Rxc3 d4 32. Rcc1 Ne3 33. Rf2 Rfd8 34. Nc6 Rd6 35. Nxd4 Nd5 36. Nb5 Re6 37. Kh2 Re3 38. Qg4 Rc6 39. a3 c3 40. Rfc2 Qf6 41. Kg1 Nxf4 42. Rf1 Rc4 43. g3 Qb6 0-1

[Event "FRA-ch U12 Girls"]
[Site "Aix les Bains"]
[Date "2006.??.??"]
[Round "7"]
[White "Eggenspieler, Jennifer"]
[Black "Daadaa, Soha"]
[Result "1/2-1/2"]
[WhiteElo "1630"]
[BlackElo "1520"]
[PlyCount "108"]
[EventDate "2006.04.16"]
[EventType "swiss"]
[EventRounds "9"]
[EventCountry "FRA"]
[SourceTitle "EXT 2007"]
[Source "ChessBase"]
[SourceDate "2006.11.23"]
[SourceVersion "1"]
[SourceVersionDate "2006.11.23"]
[SourceQuality "1"]

1. e4 e6 2. Nc3 d5 3. Nf3 Nf6 4. e5 Nfd7 5. d4 c5 6. Be3 Nc6 7. dxc5 Nxc5 8. Be2 Be7 9. 0-0 0-0 10. Bxc5 Bxc5 11. Qd2 a6 12. Rad1 b5 13. h3 Bb7 14. Rfe1 Rc8 15. Bd3 Qe7 16. Qf4 h6 17. Nh2 f6 18. Qg3 Qf7 19. Ng4 Kh8 20. exf6 h5 21. Ne5 Nxe5 22. Qxe5 Qxf6 23. Qxh5+ Qh6 24. Qxh6+ gxh6 25. Rxe6 Bxf2+ 26. Kh1 Rc6 27. Rxc6 Bxc6 28. Rf1 Bc5 29. Re1 b4 30. Ne2 a5 31. Ng3 Bf2 32. Re6 Bxg3 33. Rxh6+ Kg7 34. Rxc6 Kf7 35. Rc5 Re8 36. Kg1 Re1+ 37. Bf1 Rb1 38. Rxd5 Rxb2 39. Rxa5 Rxc2 40. Rb5 Kf6 41. Rxb4 Rxa2 42. Rg4 Be5 43. Bc4 Rc2 44. Bd3 Rc3 45. Be2 Bd6 46. Rc4 Rxc4 47. Bxc4 Kg5 48. Kf2 Kh4 49. Kf3 Bc7 50. Bf1 Bd6 51. g4 Be7 52. Kf4 Bd8 53. Kf5 Be7 54. Bg2 Bd8 1/2-1/2

[Event "FRA-ch U12 Girls"]
[Site "Calvi"]
[Date "2005.04.22"]
[Round "7"]
[White "Bellotti, Charlotte"]
[Black "Daadaa, Soha"]
[Result "1-0"]
[WhiteElo "1580"]
[BlackElo "1490"]
[PlyCount "79"]
[EventDate "2005.04.??"]
[EventType "swiss"]
[EventRounds "9"]
[EventCountry "FRA"]
[SourceTitle "EXT 2006"]
[Source "ChessBase"]
[SourceDate "2005.11.24"]
[SourceVersion "1"]
[SourceVersionDate "2005.11.24"]
[SourceQuality "1"]

1. e4 e6 2. d4 d5 3. Nc3 Nf6 4. e5 Ne4 5. Nxe4 dxe4 6. Be3 c5 7. dxc5 Nd7 8. b4 Nxe5 9. Qxd8+ Kxd8 10. Rd1+ Ke8 11. Bb5+ Bd7 12. Bxd7+ Nxd7 13. Ne2 f5 14. 0-0 Nf6 15. Nf4 Kf7 16. Bd4 Nd5 17. Nxd5 exd5 18. f3 Kg6 19. fxe4 dxe4 20. g4 fxg4 21. Rf4 Re8 22. Rxg4+ Kf5 23. Rg3 Rg8 24. Re1 g6 25. Rge3 Bg7 26. Rf1+ Ke6 27. Bxg7 Rxg7 28. Rxe4+ Kd7 29. Rd1+ Kc6 30. Rxe8 Kb5 31. a3 Ka4 32. Re3 Rf7 33. Rd6 Kb5 34. Rde6 Ka4 35. c3 Kxa3 36. Re7 Rxe7 37. Rxe7 Kb3 38. Rxb7 Kxc3 39. Rxa7 Kxb4 40. c6 1-0

[Event "FRA-chT U20 0304"]
[Site "France"]
[Date "2004.05.02"]
[Round "11"]
[White "Daadaa, Soha"]
[Black "Lagarde, Maxime"]
[Result "0-1"]
[WhiteElo "1340"]
[BlackElo "1460"]
[PlyCount "45"]
[EventDate "2003.11.??"]
[EventType "team"]
[EventRounds "11"]
[EventCountry "FRA"]
[SourceTitle "EXT 2005"]
[Source "ChessBase"]
[SourceDate "2004.11.15"]
[SourceVersion "1"]
[SourceVersionDate "2004.11.15"]
[SourceQuality "1"]
[WhiteTeam "Grasse"]
[BlackTeam "Niort"]
[WhiteTeamCountry "FRA"]
[BlackTeamCountry "FRA"]

1. d4 f5 2. Nf3 Nf6 3. c4 e6 4. Nc3 Bb4 5. Bd2 Bxc3 6. Bxc3 0-0 7. e3 b6 8. Bd3 Bb7 9. 0-0 Ne4 10. Rc1 Ng5 11. Be2 Ne4 12. d5 Nxc3 13. Rxc3 exd5 14. cxd5 g5 15. d6 c5 16. Bc4+ Kh8 17. Ne5 Qf6 18. Nf3 g4 19. Ne1 h5 20. Bd5 Qxd6 21. Rd3 Qc7 22. Bxb7 Qxb7 23. Qe2 0-1

[Event "FRA-chT U20 0304"]
[Site "France"]
[Date "2004.05.01"]
[Round "10"]
[White "Daadaa, Soha"]
[Black "Guinard, Charline"]
[Result "1-0"]
[WhiteElo "1340"]
[BlackElo "1060"]
[PlyCount "59"]
[EventDate "2003.11.??"]
[EventType "team"]
[EventRounds "11"]
[EventCountry "FRA"]
[SourceTitle "EXT 2005"]
[Source "ChessBase"]
[SourceDate "2004.11.15"]
[SourceVersion "1"]
[SourceVersionDate "2004.11.15"]
[SourceQuality "1"]
[WhiteTeam "Grasse"]
[BlackTeam "Guingamp"]
[WhiteTeamCountry "FRA"]
[BlackTeamCountry "FRA"]

1. d4 d5 2. Nf3 Bf5 3. c4 e6 4. Nc3 Nf6 5. e3 c5 6. Be2 Be7 7. 0-0 0-0 8. Re1 Nc6 9. b3 Nb4 10. Rf1 h6 11. Bb2 Qc7 12. Rc1 Rfd8 13. a3 Rd7 14. axb4 Qd6 15. bxc5 Qc6 16. Ne5 Qa6 17. Nxd7 Nxd7 18. cxd5 exd5 19. Bxa6 bxa6 20. Nxd5 Bg5 21. Nc7 Re8 22. Nxe8 Bd8 23. Qh5 Bg6 24. Qg4 Bh5 25. Qxh5 a5 26. e4 Kf8 27. Nd6 Kg8 28. d5 a6 29. Qxf7+ Kh7 30. Qxg7# 1-0

[Event "FRA-chT U20 0304"]
[Site "France"]
[Date "2004.01.02"]
[Round "4"]
[White "Daadaa, Soha"]
[Black "Treand, Victor"]
[Result "1-0"]
[WhiteElo "1340"]
[BlackElo "1070"]
[PlyCount "81"]
[EventDate "2003.11.??"]
[EventType "team"]
[EventRounds "11"]
[EventCountry "FRA"]
[SourceTitle "EXT 2005"]
[Source "ChessBase"]
[SourceDate "2004.11.15"]
[SourceVersion "1"]
[SourceVersionDate "2004.11.15"]
[SourceQuality "1"]
[WhiteTeam "Grasse"]
[BlackTeam "Nancy"]
[WhiteTeamCountry "FRA"]
[BlackTeamCountry "FRA"]

1. d4 c5 2. Nf3 cxd4 3. Qxd4 Nc6 4. Qd1 g6 5. c4 Bg7 6. Nc3 Nf6 7. e4 0-0 8. Bd3 d6 9. 0-0 Bg4 10. h3 Bxf3 11. Qxf3 Nd4 12. Qe3 Nd7 13. Rd1 Rc8 14. a3 Re8 15. b4 a6 16. Bb2 Qb6 17. Nd5 Qa7 18. Rac1 e5 19. Be2 Nxe2+ 20. Qxe2 Nf6 21. Nxf6+ Bxf6 22. Rxd6 Bg5 23. Rcd1 Qb8 24. R1d5 Rcd8 25. Rxd8 Rxd8 26. Bxe5 Qc8 27. Rxd8+ Qxd8 28. Qb2 f6 29. Bd4 Bf4 30. g3 Bc1 31. Qxc1 Qxd4 32. b5 axb5 33. cxb5 Qxe4 34. a4 Qf5 35. g4 Qf3 36. Qe3 Qxe3 37. fxe3 Kf7 38. a5 Ke7 39. a6 Kd7 40. a7 Kc7 41. a8Q 1-0

[Event "FRA-ch U10 Girls"]
[Site "Le Grand Bornand"]
[Date "2003.??.??"]
[Round "6.5"]
[White "Armas, Lena"]
[Black "Daadaa, Soha"]
[Result "0-1"]
[WhiteElo "1440"]
[BlackElo "1330"]
[PlyCount "57"]
[EventDate "2003.??.??"]
[EventType "swiss"]
[EventRounds "9"]
[EventCountry "FRA"]
[SourceTitle "EXT 2004"]
[Source "ChessBase"]
[SourceDate "2003.11.25"]
[SourceVersion "1"]
[SourceVersionDate "2003.11.25"]
[SourceQuality "1"]

1. e4 d6 2. Nf3 Nf6 3. d3 g6 4. g3 Bg7 5. Bg5 Bg4 6. Bg2 Nbd7 7. h3 Bxf3 8. Qxf3 c6 9. Nd2 Qb6 10. Nb3 0-0 11. 0-0 h6 12. Be3 Qb5 13. Rfe1 Rfe8 14. Qe2 Kh7 15. d4 Qxe2 16. Rxe2 e5 17. dxe5 Rxe5 18. Bf4 Re6 19. Rd1 d5 20. Nd4 Ree8 21. e5 Ng8 22. e6 fxe6 23. Nxe6 Bxb2 24. Kf1 g5 25. Nc7 Rxe2 26. Kxe2 Rc8 27. Rb1 gxf4 28. gxf4 Rxc7 29. Rxb2 0-1

[Event "FRA-ch U10 Girls"]
[Site "Le Grand Bornand"]
[Date "2003.??.??"]
[Round "3.7"]
[White "Belloc, Clemence"]
[Black "Daadaa, Soha"]
[Result "1-0"]
[WhiteElo "1270"]
[BlackElo "1330"]
[PlyCount "39"]
[EventDate "2003.??.??"]
[EventType "swiss"]
[EventRounds "9"]
[EventCountry "FRA"]
[SourceTitle "EXT 2004"]
[Source "ChessBase"]
[SourceDate "2003.11.25"]
[SourceVersion "1"]
[SourceVersionDate "2003.11.25"]
[SourceQuality "1"]

1. e4 d6 2. d4 Nf6 3. Nc3 g6 4. Nf3 Bg7 5. Be3 c6 6. Bd3 0-0 7. Qd2 Bg4 8. Ng5 Nbd7 9. f4 h6 10. Nf3 Bxf3 11. gxf3 d5 12. e5 Nh5 13. 0-0-0 e6 14. Rde1 Qe7 15. Rhg1 Qh4 16. Rg4 Qh3 17. Qf2 Rac8 18. Bf1 Qxf1 19. Rxf1 f5 20. Rxg6 1-0